LEADER 01163nam a2200325 i 4500 001 991001081459707536 005 20020507182922.0 008 970129s1996 us ||| | eng 020 $a0817639268 035 $ab10798304-39ule_inst 035 $aLE01306738$9ExL 040 $aDip.to Matematica$beng 082 0 $a512.55 084 $aAMS 22-XX 084 $aLC QA387.K567 100 1 $aKnapp, Anthony W.$050893 245 10$aLie groups beyond an introduction /$cAnthony W. Knapp 260 $aBoston ; Basel ; Berlin :$bBirkhauser,$cc1996 300 $axv, 604 p. ;$c25 cm. 490 0 $aProgress in mathematics [Birkhauser],$xISSN 0743-1643;$v140 500 $aIncludes bibliographical references (p. 585-594) and index. 650 4$aLie algebras 650 4$aLie groups 650 4$aRepresentations of groups 907 $a.b10798304$b23-02-17$c28-06-02 912 $a991001081459707536 945 $aLE013 22-XX KNA11 (1996)$g1$i2013000072241$lle013$o-$pE0.00$q-$rl$s- $t0$u0$v0$w0$x0$y.i10901978$z28-06-02 996 $aLie groups beyond an introduction$9377259 997 $aUNISALENTO 998 $ale013$b01-01-97$cm$da $e-$feng$gus $h0$i1 LEADER 03452nam 2200601 450 001 9910786942803321 005 20170816134614.0 010 $a90-04-25119-7 024 7 $a10.1163/9789004251199 035 $a(CKB)2670000000389355 035 $a(EBL)1249076 035 $a(OCoLC)851972565 035 $a(SSID)ssj0000918221 035 $a(PQKBManifestationID)11486777 035 $a(PQKBTitleCode)TC0000918221 035 $a(PQKBWorkID)10908542 035 $a(PQKB)10253195 035 $a(MiAaPQ)EBC1249076 035 $a(nllekb)BRILL9789004251199 035 $a(PPN)184924758 035 $a(EXLCZ)992670000000389355 100 $a20130318d2013 uy 0 101 0 $aeng 135 $aur|n|---||||| 181 $ctxt 182 $cc 183 $acr 200 10$aIlluminating in micrography $ethe Catalan micrography mahzor-MS Hebrew 8o 6527 in the National Library of Israel /$fby Dalia-Ruth Halperin 210 1$aLeiden :$cBrill,$d2013. 215 $a1 online resource (721 p.) 225 1 $aThe Medieval and early modern Iberian world 300 $aDescription based upon print version of record. 311 $a90-04-24443-3 320 $aIncludes bibliographical references and index. 327 $aPreliminary Material -- Introduction -- 1 The Art of Micrography and Its Research Methodology -- 2 The Manuscript?s Material Evidence -- 3 The Text -- 4 Within the Cultural Milieu: The Scribe?s Artistic Sources -- 5 Every Word Counts: Deciphering the Micrography?s Text Flow -- 6 Reading the Image: Envisioning the Word -- 7 The Manuscript?s Tumultuous Journey through History -- Conclusion -- Appendix 1. Index of Piyyu?im Used in the Book -- Appendix 2. The Micrography Panels: Text Flow Tables and Diagrams -- Bibliography -- Index -- Plates and Illustrations. 330 $aIn Illuminating in Micrography , Dalia-Ruth Halperin analyzes the Catalan Micrography Ma?zor, a fourteenth-century Barcelonan manuscript in Israel?s National Library. Decorated with micrography, the Jewish scribal art typical of Bible manuscripts, this ma?zor, which includes a rich full-page panel micrography cycle, is unique. Along with the codicological and paleographical analysis, essential for understanding the scribe?s thought and working processes, the author?s meticulous reading of the micrography text reveals the scribe?s textual editing and manipulations. Decoding his writing flow and sequences revealed a close association between the penned text and the images formed, which reflect a Jewish theosophical-theurgical cycle. Evidence of the scribe?s association with the renowned Bassa atelier enhances our knowledge of the cultural, economic, and ethnic realities of the time. 410 0$aThe Medieval and Early Modern Iberian World$v51. 606 $aJewish illumination of books and manuscripts 606 $aCalligraphy, Hebrew 606 $aWriting, Minuscule$vEarly works to 1800 606 $aIllumination of books and manuscripts$zSpain 615 0$aJewish illumination of books and manuscripts. 615 0$aCalligraphy, Hebrew. 615 0$aWriting, Minuscule 615 0$aIllumination of books and manuscripts 676 $a745.6/74924 700 $aHalperin$b Dalia-Ruth$f1961-$01491470 801 0$bNL-LeKB 801 1$bNL-LeKB 906 $aBOOK 912 $a9910786942803321 996 $aIlluminating in micrography$93713286 997 $aUNINA LEADER 03746nam 22007095 450 001 9910787959903321 005 20200919180801.0 010 $a1-137-40190-7 024 7 $a10.1057/9781137401908 035 $a(CKB)2670000000567270 035 $a(EBL)1725730 035 $a(SSID)ssj0001379727 035 $a(PQKBManifestationID)11862163 035 $a(PQKBTitleCode)TC0001379727 035 $a(PQKBWorkID)11364320 035 $a(PQKB)11410352 035 $a(MiAaPQ)EBC1725730 035 $a(DE-He213)978-1-137-40190-8 035 $a(EXLCZ)992670000000567270 100 $a20151126d2014 u| 0 101 0 $aeng 135 $aur|n|---||||| 181 $ctxt 182 $cc 183 $acr 200 10$aAnalysing Economic Data$b[electronic resource] $eA Concise Introduction /$fby T. Mills 205 $a1st ed. 2014. 210 1$aLondon :$cPalgrave Macmillan UK :$cImprint: Palgrave Macmillan,$d2014. 215 $a1 online resource (311 p.) 225 1 $aPalgrave Texts in Econometrics,$x2662-6594 300 $aDescription based upon print version of record. 311 $a1-349-48656-6 311 $a1-137-40189-3 320 $aIncludes bibliographical references and index. 327 $aCover; Half-Title; Title ; Copyright; Contents; List of Tables; List of Figures; 1 Introduction; 2 Presenting and Summarising Data; 3 Transforming Data; 4 Index Numbers; 5 Correlation; 6 Regression; 7 Basic Concepts of Probability; 8 Probability Distributions; 9 Continuous Random Variables and Probability Density Functions; 10 Sampling and Sampling Distributions; 11 Estimation and Inference; 12 Th e Classical Linear Regression Model; 13 Multiple Regression; 14 Autocorrelation; 15 Heteroskedasticity; 16 Simultaneity, Instrumental Variables and Non-normal Errors 327 $a17 Testing for Stability in Regression Models18 Basic Time Series Models; Index 330 $aCovers the key issues required for students wishing to understand and analyse the core empirical issues in economics. It focuses on descriptive statistics, probability concepts and basic econometric techniques and has an accompanying website that contains all the data used in the examples and provides exercises for undertaking original research. 410 0$aPalgrave Texts in Econometrics,$x2662-6594 606 $aEconomic theory 606 $aStatistics  606 $aEconometrics 606 $aSocial sciences 606 $aEconomic Theory/Quantitative Economics/Mathematical Methods$3https://scigraph.springernature.com/ontologies/product-market-codes/W29000 606 $aStatistical Theory and Methods$3https://scigraph.springernature.com/ontologies/product-market-codes/S11001 606 $aEconometrics$3https://scigraph.springernature.com/ontologies/product-market-codes/W29010 606 $aStatistics for Business, Management, Economics, Finance, Insurance$3https://scigraph.springernature.com/ontologies/product-market-codes/S17010 606 $aMethodology of the Social Sciences$3https://scigraph.springernature.com/ontologies/product-market-codes/X17000 615 0$aEconomic theory. 615 0$aStatistics . 615 0$aEconometrics. 615 0$aSocial sciences. 615 14$aEconomic Theory/Quantitative Economics/Mathematical Methods. 615 24$aStatistical Theory and Methods. 615 24$aEconometrics. 615 24$aStatistics for Business, Management, Economics, Finance, Insurance. 615 24$aMethodology of the Social Sciences. 676 $a330.015195 700 $aMills$b T$4aut$4http://id.loc.gov/vocabulary/relators/aut$01573622 906 $aBOOK 912 $a9910787959903321 996 $aAnalysing Economic Data$93849416 997 $aUNINA